| 000 | 00424nam a2200169 a 4500 | ||
|---|---|---|---|
| 005 | 20140310183506.0 | ||
| 008 | 100923s19uu xx 00 eng d | ||
| 020 | _a0373707347 | ||
| 050 |
_aPZ 7 _b.Su966 1997 |
||
| 100 | _aSutherland, Peg | ||
| 245 |
_aAmy. _cPeg Sutherland |
||
| 260 |
_aNew York : _bHarlequin Books, _c1997. |
||
| 300 |
_a296 p. : _c17 cm. |
||
| 650 | _aFiction | ||
| 942 |
_cBK _2lcc |
||
| 999 |
_c24053 _d24053 |
||